LEADER 00826nam0-2200313 --450 001 9910750999803321 005 20231108170928.0 010 $a88-459-0898-4 020 $aIT$b92-7517 100 $a20231108d1992----kmuy0itay5050 ba 101 $aita 102 $aIT 105 $a 001yy 200 1 $aBiblioteca$fFozio$ga cura di Nigel Wilson 210 $aMilano$cAdelphi$d1992 215 $a461 p.$d22 cm 225 1 $aBiblioteca Adelphi$v250 610 0 $aLetteratura greca 676 $a888.02$v11 700 0$aPhotius : Constantinopolitanus$0476647 701 $aFozio$01433098 702 1$aWilson,$bNigel Guy 801 0$aIT$bUNINA$gREICAT$2UNIMARC 901 $aBK 912 $a9910750999803321 952 $aDFT L20 FOZI 01$fFLFBC 959 $aFLFBC 996 $aBiblioteca$93578389 997 $aUNINA